| 000 | 00477nam a2200145 4500 | ||
|---|---|---|---|
| 999 |
_c9226 _d9226 |
||
| 008 | 151019b xxu||||| |||| 00| 0 eng d | ||
| 020 | _a0538675233 | ||
| 050 | _aQA 453 .G47 1998 | ||
| 245 |
_aSouth-Western Geometry: _bAn integrated approach/ |
||
| 260 |
_aNew York: _bSouth-Western Educational publishing, _c1998. |
||
| 300 |
_avarious paging. _bill.; [some col] _c28 cm. |
||
| 504 | _aIncludes index. | ||
| 650 | _aGeometry. | ||
| 942 |
_2lcc _cBOOKS _hQA 453 .G47 1998 |
||